All Wonders in Civilization 6 Map Quiz - Statistics

General Stats
  • This quiz has been taken 27 times
  • The average score is 29 of 53
Answers on the Map
Answers color-coded by a green-red scale on the quiz's map according to % correct below.
 
Answer Stats
Answer % Correct
Colosseum
94%
Great Lighthouse
89%
Pyramids
89%
Sydney Opera House
89%
Taj Mahal
89%
Eiffel Tower
83%
Hanging Gardens
83%
Machu Picchu
83%
Stonehenge
83%
Colossus
78%
Golden Gate Bridge
78%
Panama Canal
78%
Statue of Liberty
78%
Angkor Wat
72%
Big Ben
72%
Cristo Redentor
72%
Chichen Itza
67%
Hagia Sophia
67%
Oxford University
67%
Forbidden City
61%
Great Library
61%
Ruhr Valley
61%
Temple of Artemis
61%
Alhambra
56%
Hermitage
56%
Kilwa Kisiwani
56%
Petra
56%
Great Zimbabwe
50%
Oracle
50%
Statue of Zeus
50%
Venetian Arsenal
50%
Amundsen-Scott Research Station
44%
Broadway
44%
Mausoleum at Halicarnassus
44%
St. Basil's Cathedral
44%
Terracotta Army
44%
Mahabodhi Temple
39%
Mont St. Michel
39%
Potala Palace
39%
Torre de Belém
39%
Biosphère
33%
Estádio do Maracanã
33%
Great Bath
33%
Huey Teocalli
33%
University of Sankore
33%
Bolshoi Theatre
28%
Casa de Contratación
28%
Jebel Barkal
28%
Országház
28%
Kotoku-in
22%
Meenakshi Temple
22%
Apadana
17%
Etemenanki
6%
No matching quizzes found
Score Distribution
Percent of People with Each Score
Percentile by Number Answered
Your Score History
You have not taken this quiz